Southville International School and Colleges
Your cart is empty.
  • Cart
  • Lists
    Public lists Eva Luna New books Lux_list list_1
    Your lists Log in to create your own lists
  • Log in to your account
  • Your cookies
  • Search history
Southville International School and Colleges
  • Advanced search
  • Recent comments
  • Most popular
  • Libraries

Log in to your account

Log in with GOOGLE


If you do not have an external account, but do have a local account, you can still log in:

  1. Home
  2. MARC view: Supply chain planning :
Normal view MARC view ISBD view

Supply chain planning : (Record no. 117476)

[ view plain ]
MARC details
000 -LEADER
fixed length control field 00698nam a2200205Ia 4500
003 - CONTROL NUMBER IDENTIFIER
control field SISC
005 - DATE AND TIME OF LATEST TRANSACTION
control field 20170123112233.0
008 - FIXED-LENGTH DATA ELEMENTS--GENERAL INFORMATION
fixed length control field 140527s9999 xx 000 0 und d
020 ## - INTERNATIONAL STANDARD BOOK NUMBER
International Standard Book Number 9781606493168
050 ## - LIBRARY OF CONGRESS CALL NUMBER
Classification number HD 38.5
Item number .L615 2012
100 ## - MAIN ENTRY--PERSONAL NAME
Personal name Liberatore, Matthew J.
245 ## - TITLE STATEMENT
Title Supply chain planning :
Remainder of title practical frameworks for superior performance /
Statement of responsibility, etc Matthew J. Liberatore, Tan Miller.
260 ## - PUBLICATION, DISTRIBUTION, ETC. (IMPRINT)
Place of publication, distribution, etc New York :
Name of publisher, distributor, etc Business Expert Press,
Date of publication, distribution, etc 2012.
300 ## - PHYSICAL DESCRIPTION
Extent 137 pages :
Other physical details illustrations ;
Dimensions 23 cm.
500 ## - GENERAL NOTE
General note Includes bibliographical references and index.
650 ## - SUBJECT ADDED ENTRY--TOPICAL TERM
Topical term or geographic name as entry element Supply chain frameworks.
650 ## - SUBJECT ADDED ENTRY--TOPICAL TERM
Topical term or geographic name as entry element Supply chain management.
942 ## - ADDED ENTRY ELEMENTS (KOHA)
Call number prefix Foreign
Koha item type Books
Source of classification or shelving scheme Library of Congress Classification
Holdings
Withdrawn status Lost status Damaged status Home library Current library Shelving location Date acquired Cost, normal purchase price Total Checkouts Full call number Barcode Date last seen Price effective from Koha item type
      College Library College Library Reserve Section 05/28/2014 753.28   HD 38.5 .L615 2012 C18084 05/15/2018 05/28/2014 Books

Supply chain planning :

APA

Liberatore M. J., . (2012). Supply chain planning. New York: Business Expert Press.

Chicago

Liberatore Matthew J, . 2012. Supply chain planning. New York: Business Expert Press.

Harvard

Liberatore M. J., . (2012). Supply chain planning. New York: Business Expert Press.

MLA

Liberatore Matthew J, . Supply chain planning. New York: Business Expert Press. 2012.

  • Place hold
  • Print
  • Cite
  • Add to your cart (remove)
  • Save record
    BIBTEX Dublin Core MARCXML MARC (non-Unicode/MARC-8) MARC (Unicode/UTF-8) MARC (Unicode/UTF-8, Standard) MODS (XML) RIS
  • More searches
    Search for this title in:
    Other Libraries (WorldCat) Other Databases (Google Scholar) Online Stores (Bookfinder.com) Open Library (openlibrary.org)

Exporting to Dublin Core...

SOUTHVILLE LIBRARY

Southville International School and Colleges Library

1281 Tropical Ave. Cor. Luxembourg St., BF Homes International, Las Pinas City

Tel. No. 8256374 / 252358 Loc. 117/146

Powered by Koha